USA A-Z Quiz - Statistics

General Stats
  • This quiz has been taken 54 times
  • The average score is 18 of 26
Answer Stats
Hint Answer % Correct
D- The current president of the USA Donald Trump
98%
C- The country that borders north of the USA Canada
96%
A- The 16th president, who also got assassinated by John Wilkes Booth Abraham Lincoln
94%
I- Declared for ________ in 1776 Independence
94%
N- The space organization created by the USA in 1958 NASA
94%
K- The 15th state added to the USA Kentucky
92%
H- Has 137 Islands in the Pacific Hawaii
88%
G- Worlds longest and tallest suspension bridge Golden Gate Bridge
86%
P- Island in the Caribbean owned by the USA Puerto Rico
84%
V- The officer in next rank to the president Vice President
84%
T- The 26th president and reason for the Teddy bear Theodore/Teddy Roosevelt
82%
E- Judicial,Legislative, and _______ Executive
78%
L- A bell in Philadelphia that has a big crack Liberty Bell
78%
M- The name of the first boat to reach America Mayflower
73%
W- The 30th state added to the USA Wisconsin
71%
Z- The only state to contain the letter "Z" Arizona
67%
O- The trail many people followed west Oregon Trail
67%
B- The harbor Americans dumped tea in as a protest against Britain Boston Harbor
65%
J- the first settlement in the USA Jamestown
63%
F- Biggest supporter of the American Revolution France
59%
U- The system that helped slaves get to free states Underground Railroad
51%
X- A prominent black nationalist leader and civil rights activist Malcom X
33%
R- The cultural boom in the 1920's Roaring 20's
29%
Q- An act implemented by the British that made citizens provide housing and food to Britain soldiers Quartering Act
25%
Y- The final battle in the Revolutionary War Yorktown
24%
S- Firebrand leader of the Sons of Liberty and a key figure in the Boston Tea Party Samuel Adams
20%
No matching quizzes found
Score Distribution
Percent of People with Each Score
Percentile by Number Answered
Your Score History
You have not taken this quiz